000
00263nam a22001217a 4500
008
181018b xxu||||| |||| 00| 0 eng d
041
_a
eng
080
_a
941
100
_a
17
101
_a
HIS
245
_a
The Past in Perspective
_c
Feder, K.L
942
_2
udc
_c
BK
999
_c
50168
_d
50168